|
|
|
|
| LEADER |
00000nam a2200000 a 4500 |
| 001 |
vtls001069005 |
| 003 |
SK-MaSNL |
| 005 |
20260301193438.0 |
| 008 |
250414s1992 xo 0 slo |
| 015 |
|
|
|a SNBA1992/09
|
| 020 |
|
|
|a 800501015X
|
| 035 |
|
|
|a SNK000011835
|
| 040 |
|
|
|a SNK
|b slo
|c SNK
|e AACR2
|
| 041 |
0 |
|
|a slo
|
| 044 |
|
|
|a xo
|c SK
|
| 080 |
|
|
|a 685.3/.4.05(075.3)
|2 1981
|
| 100 |
1 |
|
|a Števove, Igor
|4 aut
|9 449445
|
| 245 |
1 |
0 |
|a Stroje a zariadenia pre 3. ročník SOU
|b študijného odboru operátor kožiarskej výroby
|c Igor Števove, Ladislav Ondrejka
|
| 250 |
|
|
|a 1. vyd.
|
| 260 |
|
|
|a Bratislava
|b Alfa
|c 1992
|e Nitra
|f Nitrianske tlačiarne
|
| 300 |
|
|
|a 240 s., 14,11 AH
|b Sch. Fot.
|c 20 cm
|
| 490 |
0 |
|
|a Edícia literatúry pre spotrebný priemysel
|
| 500 |
|
|
|a Lit. 10. Schválilo MŠM a športu SR. 10 zázn. v slov. a češ.
|
| 700 |
1 |
|
|a Ondrejka, Ladislav
|4 aut
|9 572946
|
| 852 |
|
|
|a Slovenská národná knižnica
|
| 919 |
|
|
|a 80-05-01015-X
|
| 954 |
|
|
|a stroje obuvnícke
|a zariadenia obuvnícke
|
| 958 |
|
|
|a NB
|
| 958 |
|
|
|a UC
|
| 958 |
|
|
|a TL
|
| 999 |
|
|
|c 877320
|d 879250
|
| 952 |
|
|
|t P60, <04>, [BOOK], {604}
|a SNK
|b SNK
|y VYP
|7 0
|p 17A0309955
|o snkSC 82101 D1
|i snkKSP 6314/92
|0 0
|1 0
|4 0
|d 2001-07-19
|l 0
|r 2004-12-31 00:00:00
|w 2026-02-24
|
| 952 |
|
|
|a SNK
|b SNK
|y PREZ
|7 0
|p 17A0995367
|o snkSC 82101
|0 0
|1 0
|4 0
|d 2012-08-15
|l 0
|r 2025-08-19 00:00:00
|w 2026-02-24
|